000 00343nam a22001457a 4500
008 221114b ||||| |||| 00| 0 eng d
020 _a2800691085496
041 _aeng
080 _2VOLUME 2
_a101
082 _a101
100 _a44.1
101 _aFILO
245 _aALBERT EINSTEIN THE SWISS YEARS 1900-1909
_cBECK ANNA
942 _2udc
_cBK
999 _c58874
_d58874